Pretrvávajúce iracionality umožňujú daňové úniky

Nedostatky, ktoré umožňujú daňové úniky. Absencia stabilizátorov daňovej disciplíny. Nepotrestanie daňovej nedisciplíny. Malospotrebiteľský predaj alkoholu. Absencia jednotného štátneho infosystému. Problém prostitúcie. Nedostatočné kompetencie daňovej polície.

Na minha lista:
Detalhes bibliográficos
Autor principal: Burák, Emil
Formato: Capítulo de Livro
Idioma:eslovaco
Assuntos:
Tags: Adicionar Tag
Sem tags, seja o primeiro a adicionar uma tag!

MARC

LEADER 00000naa$a2200000$$$4500
001 0003404
005 20230921115358.7
041 0 |a slo 
044 |a SK 
245 1 0 |a Pretrvávajúce iracionality umožňujú daňové úniky  |c aut. Emil Burák 
520 |a Nedostatky, ktoré umožňujú daňové úniky. Absencia stabilizátorov daňovej disciplíny. Nepotrestanie daňovej nedisciplíny. Malospotrebiteľský predaj alkoholu. Absencia jednotného štátneho infosystému. Problém prostitúcie. Nedostatočné kompetencie daňovej polície. 
610 2 0 |a Slovensko 
610 2 0 |a dane 
610 2 0 |a únik daňový 
610 2 0 |a polícia 
610 2 0 |a kompetencie 
610 2 0 |a systémy informačné 
100 1 |a Burák, Emil